| 000 | 00473nam a2200157Ia 4500 | ||
|---|---|---|---|
| 008 | 220216s9999 xx 000 0 und d | ||
| 100 | _aXu J | ||
| 245 | 0 | _aBulked segregant screening for RAPD markers linked to a disease-resistance gene transferred from Hordeum bulbosum into cultivated barley | |
| 260 |
_bBarley Genetics Newsletter _c1992 |
||
| 300 | _a83-84 | ||
| 500 | _aSource Year: 1994 | ||
| 650 | _aRAPD | ||
| 700 | _aKasha K J | ||
| 856 | _uPBA | ||
| 942 | _cJS | ||
| 999 |
_c55014 _d55014 |
||